Get the Picture: Stone or Citrus Fruit? Quiz Stats

 Plays Quiz Updated Mar 26, 2019

Score 0/14 Timer 02:00
7 Plays Today
Question Answer Wrong Answers
Lemon Citrus Fruit
98.1%
Stone Fruit
0.5%
Lime Citrus Fruit
97.9%
Stone Fruit
0.7%
Orange Citrus Fruit
96.7%
Stone Fruit
2.2%
Cherry Stone Fruit
96.7%
Citrus Fruit
2.1%
Peach Stone Fruit
96.2%
Citrus Fruit
2.4%
Plum Stone Fruit
96.1%
Citrus Fruit
2.5%
Grapefruit Citrus Fruit
94.8%
Stone Fruit
4%
Apricot Stone Fruit
94.5%
Citrus Fruit
4.1%
Mango Stone Fruit
77.7%
Citrus Fruit
21%
Lychee Stone Fruit
67.2%
Citrus Fruit
31.4%
Nectarine Stone Fruit
66.9%
Citrus Fruit
32%
Pomelo Citrus Fruit
66.9%
Stone Fruit
31.9%
Kumquat Citrus Fruit
58.3%
Stone Fruit
40.6%
Kabosu Citrus Fruit
51.1%
Stone Fruit
47.7%

Today's Daily Dose

You're not logged in!

Compare scores with friends on all Sporcle quizzes.
OR
Log In

You Might Also Like...

Show Comments

Extras

Top Quizzes Today


Score Distribution

Your Account Isn't Verified!

In order to create a playlist on Sporcle, you need to verify the email address you used during registration. Go to your Sporcle Settings to finish the process.

Report this User

Report this user for behavior that violates our Community Guidelines.

Details: